| 000 | 00492nam a22001817a 4500 | ||
|---|---|---|---|
| 003 | OSt | ||
| 005 | 20140310182516.0 | ||
| 008 | 130808t xxu||||| |||| 00| 0 eng d | ||
| 020 | _a8174732551 | ||
| 050 |
_aRM 301 _b.P189 2008 |
||
| 100 |
_aPanda, U.N. _99183 |
||
| 245 |
_aHandbook of pharmacology / _cU.N. Pharmacology. |
||
| 260 |
_aNew Delhi, India : _bAITBS Publisher, _cc2008. |
||
| 300 |
_a203 p. ; _c22 cm. |
||
| 650 |
_aPharmacology _97300 |
||
| 942 |
_2lcc _cSSLC |
||
| 999 |
_c13965 _d13965 |
||